| 000 | 00690nam a2200229Ia 4500 | ||
|---|---|---|---|
| 001 | 10337 | ||
| 003 | GE_BSU | ||
| 008 | 181216s||||||||xx |||||||||||||| ||und|| | ||
| 040 | _cGE_BSU | ||
| 080 | _a821.353.1–31 | ||
| 100 | _aტიკარაძე,ჯუმბერ | ||
| 245 | _aსასწაულები | ||
| 245 | _bრომანი | ||
| 245 | _cრედ.ლ.თურბანდიშვილი.მხატვ.ი.გოგიშვილი | ||
| 260 | _aთბილისი | ||
| 260 | _bმერანი | ||
| 260 | _c1984 | ||
| 300 | _a431გვ.20სმ. | ||
| 653 | _aრომანი | ||
| 653 | _aსასწაულები | ||
| 942 | _cBK | ||
| 999 |
_c43602 _d43602 |
||